00966 a2200193 45000010006000000050017000060080041000230030015000640400040000790800073001192450019001920200022002112640108002333000019003415050241003601000044006017000019006458560108006642264120260407155517.0260407a2014 arg spa dAR-UNSa-BCEJYS aAR-UNSa-BCEJYSbspacAR-UNSa-BCEJYS a510xConsideraciones fundamentales y generales de las matemáticas 10aMatemática I a978-987-33-4298-1 1aSalta :bUniversidad Nacional de Salta. Facultad de Ciencias Económicas, Jurídicas y Socialesc2014 a231 p.c29 cm. a1. Lenguaje matemático - 2. Conjuntos numéricos - 3. Polinomios - 4. Ecuaciones e Inecuaciones - 5. Sumatoria y productoria - 6. Matrices - 7. Determinantes - 8. Sistemas de ecuaciones lineales - 9. Sistemas de inecuaciones lineales1 aAstorga de Bárcena, Angélica Elvira1 aLisi, Mónica41uhttps://biblioeco.unsa.edu.ar/pmb/images/libros/Matematica I-l119576.jpgyImagen de portadaqimage/jpeg